000 00729nam a22002535i 4500
001 10702
003 ES-MaACL
005 20240508124735.0
007 t|
008 920914s1992 sp ||||0| spa j
020 _a8486351340
040 _aM-BN
_bspa
_cM-BN
080 _a860-14"19"
100 1 _aPérez Roldán, Antonio.
_991117
245 1 3 _aEl tiempo y la mirada
_b: (1979-1989) /
_cAntonio Pérez Roldán.
250 _a[1ª ed.].
260 _aHumanes de Madrid :
_bJuan Pastor,
_c1992.
300 _a70 p. ;
_c20 cm.
490 1 _aDevenir ;
_v54
830 0 0 _aDevenir.
_pSerie Poesía ;
_v54
_9236243
852 _aES-MaACL
_jP-1931 N 54
_bR.122649
_910995
942 _2udc
999 _c10702
_d10702